000 00718nam a2200265Ia 4500
003 OSt
005 20220927110833.0
006 a|||||r|||| 00| 0
007 ta
008 220926b |||||||| |||| 00| 0 eng d
024 _a76029
037 _cReports
040 _aRTL
_cRTL
_beng
041 _2eng
_aeng
082 _a"X724:(Z2), L5"
100 _aLakhotia Ram Niwas
_9380543
245 0 _aIncome-tax appeal tribunal manual Nov 1975
250 _aEd1
260 _aCalcutta
_bAsha
_c1975
300 _aVarious pagination
_ccm.
490 _aA P H Publication Series. 101
650 _aIncome Tax Law
942 _h"X724:(Z2), L5"
_cCC
999 _c698112
_d698112